[Event "DEN-ch KK 2020"]
[Site "Svendborg"]
[Date "2020.10.13"]
[Round "2.7"]
[White "Thorsbro, Peter"]
[Black "Laursen, Niels Norskov"]
[Result "1/2-1/2"]
[WhiteElo "2165"]
[BlackElo "2247"]
[Annotator "ChessBase"]
[PlyCount "53"]
[EventDate "2020.10.09"]
[EventType "tourn"]
[EventCountry "DEN"]
[SourceTitle "playchess.com"]
[Source "ChessBase"]
[SourceQuality "1"]
[TimeControl "40/5400+30:1800+30"]

1. d4 {[%emt 0:00:15]} Nf6 {[%emt 0:00:00]} 2. Nf3 {[%emt 0:00:34]} g6 {[%emt 0:00:00]} 3. Bf4 {[%emt 0:00:43]} Bg7 {[%emt 0:00:17]} 4. Nbd2 {[%emt 0:00:23]} O-O {[%emt 0:01:58]} 5. e3 {[%emt 0:01:34]} d6 {[%emt 0:00:36]} 6. h3 {[%emt 0:00:03]} Nc6 {[%emt 0:00:45]} 7. c4 {[%emt 0:05:03]} Nd7 {[%emt 0:02:44]} 8. d5 {[%emt 0:12:48]} Nce5 {[%emt 0:00:21]} 9. Qc2 {[%emt 0:00:22]} c6 {[%emt 0:08:43]} 10. dxc6 {[%emt 0:15:53]} Nxf3+ {[%emt 0:05:52]} 11. Nxf3 {[%emt 0:00:38]} bxc6 {[%emt 0:00:19]} 12. Rb1 {[%emt 0:07:57]} c5 {[%emt 0:09:10]} 13. b3 {[%emt 0:02:46]} Qa5+ {[%emt 0:03:42]} 14. Nd2 {[%emt 0:00:05]} Bb7 {[%emt 0:01:30]} 15. f3 {[%emt 0:09:42]} Ne5 {[%emt 0:08:07]} 16. Bxe5 {[%emt 0:07:49]} Bxe5 {[%emt 0:00:21]} 17. Bd3 {[%emt 0:00:56]} f5 {[%emt 0:15:51]} 18. O-O {[%emt 0:07:13]} Qc3 {[%emt 0:07:16]} 19. Rbd1 {[%emt 0:01:41]} Bc6 {[%emt 0:02:54]} 20. Qxc3 {[%emt 0:04:42]} Bxc3 {[%emt 0:00:06]} 21. Nb1 {[%emt 0:00:17]} Bg7 {[%emt 0:01:53]} 22. Bc2 {[%emt 0:00:24]} a5 {[%emt 0:06:41]} 23. a4 {[%emt 0:00:04]} f4 {[%emt 0:02:00]} 24. exf4 {[%emt 0:00:23]} Rxf4 {[%emt 0:00:45]} 25. Rfe1 {[%emt 0:01:48]} Be5 {[%emt 0:03:42]} 26. Rd3 {[%emt 0:03:01]} Rd4 {[%emt 0:01:47]} 27. Na3 {[%emt 0:03:40]} 1/2-1/2

[Event "DEN-ch KK 2020"]
[Site "Svendborg"]
[Date "2020.10.13"]
[Round "2.8"]
[White "Liu, Casper"]
[Black "Hansen, Lars Bo"]
[Result "0-1"]
[WhiteElo "2155"]
[BlackElo "2560"]
[Annotator "TA"]
[PlyCount "48"]
[EventDate "2020.10.09"]
[EventType "tourn"]
[EventCountry "DEN"]
[SourceTitle "playchess.com"]
[Source "ChessBase"]
[SourceQuality "1"]

{[%evp 9,48,17,8,-12,22,21,39,25,37,43,51,54,62,52,45,0,57,58,58,56,81,82,73,26,22,-7,0,0,-13,0,27,-45,-51,-94,-93,-92,-89,-103,-90,-232,-208]} 1. d4 e6 2. Bf4 b6 3. e4 Bb7 4. Nd2 Nf6 5. Bd3 c5 6. Ngf3 {A40: Unusual replies to 1 d4.} Nc6 7. c3 cxd4 8. cxd4 {White is slightly better.} Nb4 9. Bb1 $1 {[#]} Be7 $146 ({Predecessor:} 9... Ba6 10. Qb3 Rc8 11. a3 Rc1+ {0-1 (11) Ivanova Skripova,T (2127)-Eraschenkov,D (2391) Maikop 2019}) 10. a3 Nc6 11. O-O O-O 12. Qc2 {[#] And now d5! would win.} g6 (12... Rc8 $11) 13. Bh6 Re8 14. e5 Ng4 15. Bf4 {Threatens to win with h3.} Rc8 16. Qd3 {Strongly threatening h3.} (16. Qd1 $5 {[%cal Rh2h3]}) 16... d6 $1 17. h3 dxe5 18. dxe5 Qxd3 19. Bxd3 g5 20. Bg3 (20. Nxg5 $11 Ngxe5 21. Bxh7+ Kg7 22. Be4) 20... Red8 $15 21. Bxh7+ Kxh7 22. hxg4 Nd4 23. Nxd4 Rxd4 {[%mdl 64] [#] Double Attack} 24. Rfd1 (24. Nf3 $17 {was the only chance.} Rxg4 25. Nh2) 24... Rcd8 {Av CentiPawn Loss W=-24/B=-9. Weighted=-25/-14} ({Weaker is} 24... Rxg4 25. f3 $15) 0-1

[Event "DEN-ch KK 2020"]
[Site "Svendborg"]
[Date "2020.10.13"]
[Round "2.9"]
[White "Rossen, Claus"]
[Black "Thuesen, Mogens"]
[Result "0-1"]
[WhiteElo "2099"]
[BlackElo "2210"]
[Annotator "ChessBase"]
[PlyCount "96"]
[EventDate "2020.10.09"]
[EventType "tourn"]
[EventCountry "DEN"]
[SourceTitle "playchess.com"]
[Source "ChessBase"]
[SourceQuality "1"]
[TimeControl "40/5400+30:1800+30"]

1. e4 {[%emt 0:00:00]} e6 {[%emt 0:00:29]} 2. d4 {[%emt 0:00:00]} d5 {[%emt 0:00:05]} 3. Nc3 {[%emt 0:00:00]} Bb4 {[%emt 0:01:19]} 4. a3 {[%emt 0:00:00]} Bxc3+ {[%emt 0:00:06]} 5. bxc3 {[%emt 0:00:00]} dxe4 {[%emt 0:00:10]} 6. Qg4 {[%emt 0:00:00]} Nf6 {[%emt 0:00:11]} 7. Qxg7 {[%emt 0:00:08]} Rg8 {[%emt 0:00:08]} 8. Qh6 {[%emt 0:00:04]} Rg6 {[%emt 0:00:52]} 9. Qe3 {[%emt 0:00:15]} b6 {[%emt 0:04:02]} 10. f3 {[%emt 0:04:11]} Bb7 {[%emt 0:01:06]} 11. Bb2 {[%emt 0:01:01]} Nbd7 {[%emt 0:08:55]} 12. O-O-O {[%emt 0:01:58]} Qe7 {[%emt 0:01:54]} 13. fxe4 {[%emt 0:04:20]} Nxe4 {[%emt 0:06:28]} 14. Nf3 {[%emt 0:03:39]} O-O-O {[%emt 0:02:19]} 15. c4 {[%emt 0:07:13]} f5 {[%emt 0:12:42]} 16. Rg1 {[%emt 0:17:02]} Ndf6 {[%emt 0:12:05]} 17. Ne5 {[%emt 0:02:04]} Ng4 {[%emt 0:00:28]} 18. Nxg4 {[%emt 0:15:07]} Rxg4 {[%emt 0:01:07]} 19. Be2 {[%emt 0:01:30]} Rh4 {[%emt 0:04:07]} 20. h3 {[%emt 0:12:28]} Rg8 {[%emt 0:04:56]} 21. g4 {[%emt 0:10:30]} f4 {[%emt 0:10:43]} 22. Qxf4 {[%emt 0:01:52]} Rxh3 {[%emt 0:00:34]} 23. Rd3 {[%emt 0:07:45]} Ng5 {[%emt 0:07:24]} 24. Rf1 {[%emt 0:03:13]} Bg2 {[%emt 0:02:19]} 25. Rxh3 {[%emt 0:02:24]} Nxh3 {[%emt 0:00:26]} 26. Qf6 {[%emt 0:00:07]} Qe8 {[%emt 0:04:15]} 27. Re1 {[%emt 0:01:01]} Rf8 {[%emt 0:01:57]} 28. Qe5 {[%emt 0:01:15]} Qc6 {[%emt 0:02:26]} 29. Bd3 {[%emt 0:00:34]} Nf4 {[%emt 0:00:56]} 30. Bxh7 {[%emt 0:02:46]} Qxc4 {[%emt 0:00:08]} 31. Be4 {[%emt 0:00:20]} Kb8 {[%emt 0:02:26]} 32. Kb1 {[%emt 0:00:39]} Bxe4 {[%emt 0:01:52]} 33. Qxe4 {[%emt 0:00:12]} Nd5 {[%emt 0:01:18]} 34. Qxe6 {[%emt 0:01:26]} Rf2 {[%emt 0:01:42]} 35. Qe8+ {[%emt 0:00:20]} Kb7 {[%emt 0:00:08]} 36. Qe4 {[%emt 0:00:02]} c6 {[%emt 0:01:20]} 37. g5 {[%emt 0:01:28]} Qb5 {[%emt 0:02:10]} 38. Qh7+ {[%emt 0:00:31]} Ka6 {[%emt 0:00:05]} 39. Qd3 {[%emt 0:00:11]} Qxd3 {[%emt 0:00:43]} 40. cxd3 {[%emt 0:00:01]} Rg2 {[%emt 0:00:36]} 41. Ka2 {[%emt 0:08:58]} Rxg5 {[%emt 0:01:28]} 42. Kb3 {[%emt 0:00:39]} Rg3 {[%emt 0:02:37]} 43. Re6 {[%emt 0:05:12]} Kb7 {[%emt 0:00:34]} 44. Kc2 {[%emt 0:00:25]} Rg2+ {[%emt 0:02:51]} 45. Kc1 {[%emt 0:01:38]} Nf4 {[%emt 0:02:37]} 46. Re3 {[%emt 0:00:21]} Ka6 {[%emt 0:02:39]} 47. Rf3 {[%emt 0:01:21]} Ne2+ {[%emt 0:03:12]} 48. Kd1 {[%emt 0:01:08]} Ng1 0-1

[Event "DEN-ch KK 2020"]
[Site "Svendborg"]
[Date "2020.10.13"]
[Round "2.10"]
[White "Nordenbaek, Jan"]
[Black "Holm, Filip"]
[Result "1-0"]
[WhiteElo "2238"]
[BlackElo "2210"]
[Annotator "TA"]
[PlyCount "37"]
[EventDate "2020.10.09"]
[EventType "tourn"]
[EventCountry "DEN"]
[SourceTitle "playchess.com"]
[Source "ChessBase"]
[SourceQuality "1"]

{[%evp 9,37,55,70,54,69,61,93,10,97,95,87,87,87,70,114,128,148,117,77,110,125,130,123,127,191,153,1365,1346,1357,1359]} 1. e4 g6 2. d4 Bg7 3. Nc3 d6 4. f4 c6 5. Nf3 Qc7 6. Bd3 {B06: Modern Defence.} Nd7 7. Be3 Ngf6 8. h3 (8. e5 $16) 8... a6 {[#]} (8... e5 $11) 9. e5 $146 ({Predecessor:} 9. O-O b5 10. a3 Bb7 11. e5 Nd5 12. Nxd5 cxd5 13. Ng5 e6 14. f5 gxf5 15. Nxe6 fxe6 {1-0 (26) Canneva,F (2087)-Grenouilloux,A (2090) France 2007}) 9... Nd5 10. Nxd5 cxd5 11. O-O $36 {[%mdl 2048] White has some pressure.} dxe5 12. fxe5 O-O 13. Qd2 f6 14. exf6 exf6 15. Bf4 Qc6 16. Rae1 {[%cal Ba1e1,Be1e7,Be7f7][%mdl 32]} Nb6 (16... b5 $16 {was called for.}) 17. Re7 $18 {[#] And now Bh6 would win.} Bd7 $2 (17... Rf7 $16 18. Rxf7 Kxf7) 18. Bh6 Rf7 19. Rxf7 {Av CentiPawn Loss W=-11/B=-94. Weighted=-12/-110} 1-0

[Event "DEN-ch KK 2020"]
[Site "Svendborg"]
[Date "2020.10.13"]
[Round "2.11"]
[White "Guindy, Esmat Susanne"]
[Black "Hald Falkesgaard, Jeppe"]
[Result "1-0"]
[WhiteElo "2131"]
[BlackElo "1984"]
[Annotator "NA"]
[PlyCount "129"]
[EventDate "2020.10.09"]
[EventType "tourn"]
[EventCountry "DEN"]
[SourceTitle "playchess.com"]
[Source "ChessBase"]
[SourceQuality "1"]
[TimeControl "40/5400+30:1800+30"]

1. d4 {[%emt 0:00:00]} Nf6 {[%emt 0:00:00]} 2. c4 {[%emt 0:00:08]} g6 {[%emt 0:00:00]} 3. g3 {[%emt 0:00:12]} Bg7 {[%emt 0:00:00]} 4. Bg2 {[%emt 0:00:07]} O-O {[%emt 0:00:09]} 5. Nf3 {[%emt 0:00:12]} d6 {[%emt 0:00:14]} 6. Nc3 {[%emt 0:00:33]} Nc6 {[%emt 0:00:10]} 7. O-O {[%emt 0:02:15]} a6 {[%emt 0:00:09]} 8. b3 {[%emt 0:05:52] now scores much better than the old 8.h3.} Bg4 {[%emt 0:04:27]} 9. h3 {[%emt 0:06:10] E63: King's Indian: Fianchetto: Panno Variation with 7...a6.} Bxf3 {[%emt 0:00:11]} 10. Bxf3 {[%emt 0:00:09]} Nd7 {[%emt 0:00:51]} 11. e3 {[%emt 0:04:41]} e5 {[%emt 0:03:31]} 12. Ne2 {[%emt 0:03:38] [#]} Qf6 $146 {[%emt 0:09:57]} ({Predecessor:} 12... f5 13. dxe5 dxe5 14. Bd5+ Kh8 15. Ba3 Rf6 16. f4 e4 17. Bb2 Rd6 18. Ba3 Rf6 19. Bxc6 Rxc6 {1-0 (50) Balje,J (2198)-Zojer,S (2089) Groningen 2013}) 13. Bg2 {[%emt 0:04:56]} Qe7 {[%emt 0:11:09]} 14. Bb2 {[%emt 0:01:02]} Rae8 {[%emt 0:05:04]} 15. dxe5 {[%emt 0:10:34]} Ncxe5 {[%emt 0:03:56]} 16. Qd2 {[%emt 0:04:19]} ({Much worse is} 16. Bxb7 c6 $15) 16... Nc5 {[%emt 0:06:14]} 17. Rad1 {[%emt 0:05:39]} Qf6 {[%emt 0:06:50]} 18. Kh1 {[%emt 0:06:49]} Qf5 {[%emt 0:09:28]} 19. Nd4 {[%emt 0:04:29]} Qh5 {[%emt 0:00:24]} 20. Qe2 {[%emt 0:04:56]} Qxe2 {[%emt 0:01:31]} 21. Nxe2 {[%emt 0:00:06]} Nc6 {[%emt 0:06:08]} (21... Ned3 $11 {keeps the balance.} 22. Ba3 a5) 22. Bxg7 {[%emt 0:03:48]} Kxg7 {[%emt 0:00:08]} 23. Nf4 {[%emt 0:00:31]} Nb4 {[%emt 0:02:16]} 24. a3 {[%emt 0:02:53]} Nc2 {[%emt 0:00:24] [#]} 25. b4 {[%emt 0:01:31]} (25. Rd2 $1 $16 {[%cal Rd2c2]} Nxe3 26. fxe3) 25... Ne6 {[%emt 0:02:41]} 26. Nxe6+ {[%emt 0:00:58]} fxe6 {[%emt 0:01:57]} 27. Rd3 {[%emt 0:00:17]} a5 {[%emt 0:05:50]} 28. bxa5 {[%emt 0:02:07]} Ra8 {[%emt 0:00:12]} 29. Rc3 {[%emt 0:00:35]} Rxa5 {[%emt 0:00:06]} 30. Rxc2 {[%emt 0:00:08]} Rxa3 {[%emt 0:00:05]} 31. Bxb7 {[%emt 0:02:28]} Rxe3 {[%emt 0:00:12]} 32. Kg2 {[%emt 0:00:53]} ({Don't do} 32. fxe3 Rxf1+ 33. Kg2 Rb1 $18) 32... Rb3 {[%emt 0:00:10]} 33. Be4 {[%emt 0:01:06]} Rb4 {[%emt 0:00:06]} 34. Re1 {[%emt 0:00:44]} Kf6 {[%emt 0:00:25]} 35. Re3 {[%emt 0:00:56]} Ke7 {[%emt 0:00:08]} 36. c5 {[%emt 0:00:52]} Kf6 {[%emt 0:01:00]} 37. cxd6 {[%emt 0:01:50]} cxd6 {[%emt 0:00:08]} 38. Rf3+ {[%emt 0:01:21]} Kg7 {[%emt 0:00:06]} 39. Rc7+ {[%emt 0:01:04]} Kg8 {[%emt 0:00:06]} 40. Rxf8+ {[%emt 0:00:46]} Kxf8 {[%emt 0:00:09]} 41. Bf3 {[%emt 0:31:18]} Kg8 {[%emt 0:30:15]} 42. Bg4 {[%emt 0:00:16]} e5 {[%emt 0:00:06]} 43. Be6+ {[%emt 0:00:53]} Kh8 {[%emt 0:00:06]} 44. Rd7 {[%emt 0:01:30]} Rd4 {[%emt 0:00:13]} 45. Kf3 {[%emt 0:01:19]} Rd3+ {[%emt 0:00:22]} 46. Ke2 {[%emt 0:00:38]} Rd4 {[%emt 0:00:09]} 47. h4 {[%emt 0:02:36]} Re4+ $18 {[%emt 0:01:18]} 48. Kd3 {[%emt 0:01:27]} Rd4+ {[%emt 0:00:07]} 49. Ke3 {[%emt 0:00:16]} Rd1 {[%emt 0:00:18]} 50. Ke2 {[%emt 0:00:32]} Rd4 {[%emt 0:00:15]} 51. f3 {[%emt 0:00:09]} h6 {[%emt 0:00:22]} 52. g4 {[%emt 0:01:52]} g5 {[%emt 0:00:26]} 53. h5 {[%emt 0:01:06]} e4 {[%emt 0:01:13]} 54. Ke3 {[%emt 0:00:58]} Ra4 {[%emt 0:00:09]} 55. Rxd6 {[%emt 0:01:11]} exf3 {[%emt 0:00:15]} 56. Bf5 {[%emt 0:00:40]} Ra3+ {[%emt 0:00:29]} 57. Kf2 {[%emt 0:00:09]} Kg7 {[%emt 0:00:24]} 58. Rg6+ {[%emt 0:00:21]} Kf8 {[%emt 0:00:48]} 59. Rxh6 {[%emt 0:00:13]} Kg7 {[%emt 0:00:20]} 60. Rg6+ {[%emt 0:00:10]} Kh8 {[%emt 0:00:09]} 61. h6 {[%emt 0:02:37]} Ra2+ {[%emt 0:00:46]} 62. Kxf3 {[%emt 0:00:57]} Rh2 {[%emt 0:01:26]} 63. Rc6 {[%emt 0:00:53]} Kg8 {[%emt 0:00:28]} 64. h7+ {[%emt 0:00:48]} Kg7 {[%emt 0:00:21]} 65. Rc8 {[%emt 0:00:23]} 1-0

[Event "DEN-ch KK 2020"]
[Site "Svendborg"]
[Date "2020.10.13"]
[Round "2.12"]
[White "Meskenas, Paulius"]
[Black "Steffensen, Elena"]
[Result "1-0"]
[WhiteElo "2032"]
[BlackElo "2081"]
[Annotator "ChessBase"]
[PlyCount "69"]
[EventDate "2020.10.09"]
[EventType "tourn"]
[EventCountry "DEN"]
[SourceTitle "playchess.com"]
[Source "ChessBase"]
[SourceQuality "1"]
[TimeControl "40/5400+30:1800+30"]

1. e4 {[%emt 0:00:00]} g6 {[%emt 0:00:00]} 2. d4 {[%emt 0:00:00]} Bg7 {[%emt 0:00:00]} 3. Nc3 {[%emt 0:00:00]} c6 {[%emt 0:00:00]} 4. Be3 {[%emt 0:00:00]} Nf6 {[%emt 0:07:21]} 5. Nf3 {[%emt 0:01:15]} d5 {[%emt 0:04:01]} 6. e5 {[%emt 0:03:22]} Ng4 {[%emt 0:06:03]} 7. Bf4 {[%emt 0:01:56]} h5 {[%emt 0:00:37]} 8. Bd3 {[%emt 0:05:09]} Nh6 {[%emt 0:07:08]} 9. Qe2 {[%emt 0:06:35]} Nf5 {[%emt 0:11:31]} 10. O-O-O {[%emt 0:01:17]} b5 {[%emt 0:03:54]} 11. h3 {[%emt 0:01:26]} b4 {[%emt 0:01:31]} 12. Na4 {[%emt 0:00:41]} Qa5 {[%emt 0:04:52]} 13. b3 {[%emt 0:05:57]} h4 {[%emt 0:00:39]} 14. g4 {[%emt 0:01:17]} hxg3 {[%emt 0:00:21]} 15. fxg3 {[%emt 0:00:01]} e6 {[%emt 0:00:49]} 16. g4 {[%emt 0:01:12]} Ne7 {[%emt 0:01:05]} 17. Bd2 {[%emt 0:00:45]} Na6 {[%emt 0:08:51]} 18. Kb1 {[%emt 0:01:30]} c5 {[%emt 0:03:16]} 19. Bb5+ {[%emt 0:00:25]} Kf8 {[%emt 0:01:29]} 20. dxc5 {[%emt 0:01:34]} Rb8 {[%emt 0:00:49]} 21. Nd4 {[%emt 0:00:38]} Nc7 {[%emt 0:02:48]} 22. Bd3 {[%emt 0:10:29]} Bd7 {[%emt 0:00:35]} 23. Nb2 {[%emt 0:02:37]} Qxc5 {[%emt 0:01:05]} 24. Be3 {[%emt 0:03:09]} Qa5 {[%emt 0:01:04]} 25. Rdf1 {[%emt 0:00:50]} Ke8 {[%emt 0:04:22]} 26. Bd2 {[%emt 0:08:28]} Qc5 {[%emt 0:04:48]} 27. Qf2 {[%emt 0:01:06]} Bxe5 {[%emt 0:05:24]} 28. Be3 {[%emt 0:01:40]} Rf8 {[%emt 0:02:02]} 29. Nxe6 {[%emt 0:05:17]} Qc3 {[%emt 0:00:13]} 30. Bd4 {[%emt 0:01:08]} Bxd4 {[%emt 0:00:38]} 31. Nxd4 {[%emt 0:00:17]} Nb5 {[%emt 0:03:43]} 32. Nxb5 {[%emt 0:01:38]} Bxb5 {[%emt 0:00:14]} 33. Qxa7 {[%emt 0:00:26]} Nc6 {[%emt 0:01:40]} 34. Qc7 {[%emt 0:00:38]} Bxd3 {[%emt 0:00:52]} 35. Nxd3 {[%emt 0:00:10]} 1-0

[Event "DEN-ch KK 2020"]
[Site "Svendborg"]
[Date "2020.10.14"]
[Round "3.1"]
[White "Rey Malde, Henrique"]
[Black "Rewitz, Poul"]
[Result "0-1"]
[WhiteElo "2201"]
[BlackElo "2222"]
[Annotator "TA"]
[PlyCount "128"]
[EventDate "2020.10.09"]
[EventType "tourn"]
[EventCountry "DEN"]
[SourceTitle "playchess.com"]
[Source "ChessBase"]
[SourceQuality "1"]

{[%evp 12,128,27,29,27,22,37,0,15,16,19,-10,-18,-19,-14,-29,-29,-29,-29,-25,-12,-37,-34,-158,-158,-161,-160,-154,-156,-161,-164,-170,-150,-194,-193,-213,-229,-213,-220,-214,-218,-219,-227,-206,-222,-212,-180,-268,-237,-275,-281,-306,-301,-357,-335,-363,-371,-377,-367,-296,-283,-522,-520,-509,-500,-499,-480,-446,-448,-453,-447,-452,-429,-484,-481,-492,-492,-650,-661,-717,-717,-785,-777,-779,-676,-883,-883,-867,-865,-841,-831,-1109,-1109,-2045,-805,-1109,-783,-4133,-1109,-1086,-1066,-2775,-918,-5114,-5110,-7263,-12850,-2278,-6692,-2120,-5154,-29975,-29977,-29980,-29981,-29987,-29988,-29990,-29991]} 1. e4 c6 2. d4 d5 3. e5 Bf5 4. Nf3 e6 5. Be2 h6 6. O-O Nd7 7. Nbd2 Ne7 {B12: Caro-Kann: Advance Variation.} 8. Nb3 g5 9. h4 g4 {The position is equal.} 10. Ne1 h5 {[#]} 11. Bd3 $146 ({Predecessor:} 11. Bg5 Bh6 12. Bxh6 Rxh6 13. Qd2 Rh8 14. g3 Nf8 15. Nc5 Rb8 16. a4 Nfg6 17. a5 {0-1 (51) Meneses Gonzalez,K (2280)-Gonzalez Garcia,Z (2003) Santa Cruz de La Palma 2017}) 11... Bxd3 12. Nxd3 Nf5 13. Bg5 Be7 14. Bxe7 Qxe7 15. g3 Nf8 16. Qd2 Ng6 17. Qb4 (17. a4 $15) 17... Qxb4 $17 18. Nxb4 {[#]} a5 $1 {[%cal Ra5b4]} 19. Nd3 a4 20. Nd2 {intending c3.} Nxd4 21. c3 Nf5 22. Kg2 Ke7 23. b3 Rhd8 24. Rfe1 b6 {[%cal Bb7b6,Bb6c5,Bc5c4][%mdl 32]} 25. b4 {[#]} c5 $1 {[%mdl 512]} 26. bxc5 bxc5 27. Rab1 c4 28. Nb4 {With the idea Nc6+.} Rdc8 29. Rbc1 (29. f3 $142) 29... Rab8 30. a3 Nf8 31. f3 Nd7 32. fxg4 hxg4 33. Rb1 Kf8 34. Nf1 Nc5 35. Nh2 Ne4 36. Rxe4 $2 (36. Rbc1) 36... dxe4 $19 37. Nxg4 Rd8 38. Re1 Rd2+ 39. Kh3 {[#]} e3 $1 40. Nxe3 Nxe3 41. Rxe3 {[%mdl 4096] Endgame KRR-KRN} Rc8 42. h5 Rb2 43. Kg4 Rb3 44. Nc2 Rd8 45. Nb4 Rxa3 46. h6 Kg8 47. Kg5 Kh7 48. Kf6 Rd7 49. g4 Rb3 50. g5 a3 51. g6+ fxg6 52. Kxe6 Ra7 (52... Rd1 $142 53. Na2 Rb2) 53. Re1 a2 54. Ra1 Rxc3 (54... Rb1 $142 55. Nc2 Ra5) 55. Kd5 Re3 56. Nc6 Ra6 (56... Ra4 $142 57. Kc5 c3) 57. e6 c3 58. Nd4 Ra5+ 59. Kc4 Ra4+ 60. Kc5 Re4 61. Nf3 Kxh6 {Black mates.} 62. Kd5 Re3 63. Rh1+ Kg7 64. Ng5 a1=Q {Black took control after the opening. Av CentiPawn Loss W=133/B=162. Weighted=-29/177} 0-1

[Event "DEN-ch KK 2020"]
[Site "Svendborg"]
[Date "2020.10.14"]
[Round "3.2"]
[White "Carstensen, Jacob"]
[Black "Haubro, Sigfred"]
[Result "1/2-1/2"]
[WhiteElo "2350"]
[BlackElo "2163"]
[Annotator "TA"]
[PlyCount "84"]
[EventDate "2020.10.09"]
[EventType "tourn"]
[EventCountry "DEN"]
[SourceTitle "playchess.com"]
[Source "ChessBase"]
[SourceQuality "1"]

{[%evp 12,84,25,31,17,21,6,33,30,33,44,7,4,-55,-27,-40,-6,0,0,0,0,0,0,-30,0,6,-17,-13,-1,-1,1,0,-2,-15,-17,-64,-17,-12,-15,-14,17,17,16,11,62,68,72,60,64,56,80,75,143,66,98,91,121,0,151,145,155,146,154,36,219,0,0,-64,-55,-67,0,0,0,-55,0]} 1. e4 e5 2. Nf3 Nc6 3. Bb5 Nf6 4. O-O Be7 5. d4 exd4 6. e5 Ne4 7. Re1 Nc5 {C65: Ruy Lopez: Berlin Defence (3...Nf6), unusual lines and 4 0-0 Bc5.} 8. Nxd4 Nxd4 9. Qxd4 c6 {White is slightly better.} 10. Bc4 O-O 11. Rd1 b5 12. Be2 {[#]} (12. Bb3 $11) 12... Qc7 $146 ({Predecessor:} 12... Ne6 13. Qe4 f5 14. Qd3 Qc7 15. f4 Qb6+ 16. Kh1 a5 17. g3 Bb7 18. Bf3 Rad8 {1-0 (64) Erwich,M (2336)-Romanishin,O (2543) Hoogeveen 2004}) 13. Nc3 a5 (13... Ne6 $5 {[%cal Re6d4]} 14. Qe4 b4 $15) 14. Ne4 Nxe4 15. Qxe4 d5 16. exd6 Bxd6 17. h4 f5 18. Qd4 Bh2+ 19. Kf1 Be5 20. Qc5 Be6 21. a4 b4 22. Bf3 Rac8 23. c3 bxc3 24. bxc3 Bf6 25. Re1 Qf7 26. Bg5 Bc4+ 27. Kg1 {aiming for Bxf6.} Bd5 (27... Bxc3 $11 28. Re7 Bb4 29. Rxf7 Bxc5 30. Rxf8+ Bxf8) 28. Bxf6 $14 {Hoping for Bd4.} (28. Qxa5 Bxf3 29. Bxf6 (29. gxf3 Qg6 $17) 29... Qxf6 $15) 28... Bxf3 29. Bg5 ({Not} 29. Qxf5 $2 Bd5 $19) ({Much weaker is} 29. Be7 $6 Qg6 $11) 29... Bd5 30. Re7 Qg6 31. c4 $36 {[%mdl 2048] White is in control.} (31. Qxa5 h6 $15) 31... Be4 (31... Bf7 $142) 32. f3 ({White should play} 32. Rd1 $1 $16 {f3 is the strong threat.} Rf7 33. f3 Rxe7 34. Qxe7) 32... Bxf3 33. gxf3 {Strongly threatening Kh1.} h6 {[%mdl 64] Pin} 34. Rb1 ({Better is} 34. Rd1 $1 $16 {[%cal Rd1d6]} Rfd8 35. Rxd8+ Rxd8 36. Qxa5) 34... Rb8 $2 ({Much worse is} 34... hxg5 $6 35. h5 $16) (34... Rce8 $11) 35. Rxb8 $16 Rxb8 36. Qe5 $1 {[%cal Re5b8]} Rb1+ 37. Kf2 (37. Kg2 $1 $16 hxg5 38. Re6) 37... hxg5 $2 (37... f4 $1 $14) 38. hxg5 $2 (38. Re6 $1 $18 {[%cal Re6g6]} Rb2+ 39. Ke1 $1 {[%mdl 512]}) 38... Qxg5 $11 {[#]} 39. Re8+ (39. Rxg7+ $1 $11 {[%mdl 512]} Qxg7 40. Qe8+ Kh7 41. Qh5+ Kg8 42. Qe8+ Qf8 43. Qg6+ Qg7 44. Qe8+) 39... Kh7 $15 40. Qh2+ Kg6 {White must now prevent ...Qd2+.} 41. Qd6+ Kh7 {( -> ...Qg1+)} 42. Qh2+ Kg6 {Av CentiPawn Loss W=-26/B=-20. Weighted=-43/-28} (42... Qh6 $1 $15 43. Qxh6+ Kxh6) 1/2-1/2

[Event "DEN-ch KK 2020"]
[Site "Svendborg"]
[Date "2020.10.14"]
[Round "3.4"]
[White "Hansen, Lars Bo"]
[Black "Matthiesen, Martin"]
[Result "1/2-1/2"]
[WhiteElo "2560"]
[BlackElo "2301"]
[Annotator "TA"]
[PlyCount "31"]
[EventDate "2020.10.09"]
[EventType "tourn"]
[EventCountry "DEN"]
[SourceTitle "playchess.com"]
[Source "ChessBase"]
[SourceQuality "1"]

{[%evp 13,31,8,9,0,6,1,5,0,0,0,3,5,11,6,10,4,17,-1,10,-2]} 1. d4 d5 2. c4 e6 3. Nc3 c6 4. cxd5 exd5 5. Bf4 Bd6 6. Bxd6 Qxd6 7. e3 Bf5 {The position is equal.} 8. Bd3 {D31: Queen's Gambit Declined: Semi-Slav without ...Nf6 (+ Marshall Gambit and Noteboom) and Exchange Variation lines without ...Nf6.} Ne7 9. Nge2 Nd7 10. Bxf5 $5 {[%mdl 4] Exploring less charted territory.} Nxf5 11. Qd3 Ne7 12. O-O O-O {[#]} 13. Rad1 $146 ({Predecessor:} 13. Qd2 a5 14. Nf4 Nb6 15. Rac1 a4 16. Qc2 {½-½ (15) Gaitan,J (2319)-Liascovich,L (2445) Buenos Aires 2020}) 13... Rad8 14. Rfe1 Rfe8 15. Ng3 Nf6 16. Re2 {An uneventful encounter.} 1/2-1/2

[Event "DEN-ch KK 2020"]
[Site "Svendborg"]
[Date "2020.10.14"]
[Round "3.5"]
[White "Laursen, Niels Norskov"]
[Black "Guindy, Esmat Susanne"]
[Result "1/2-1/2"]
[WhiteElo "2247"]
[BlackElo "2131"]
[Annotator "TA"]
[PlyCount "38"]
[EventDate "2020.10.09"]
[EventType "tourn"]
[EventCountry "DEN"]
[SourceTitle "playchess.com"]
[Source "ChessBase"]
[SourceQuality "1"]

{[%evp 16,38,12,19,26,-4,16,20,24,-18,-19,-20,5,-41,4,-35,0,0,0,-3,3,0,0,-27,-33]} 1. e4 e6 2. d4 d5 3. Nc3 Nf6 4. e5 Nfd7 5. f4 c5 6. Nf3 Nc6 7. Be3 a6 8. Qd2 b5 9. a3 Qa5 {9...g5 is a critical line. C11: French: Classical System: 4 e5 and 4 Bg5 dxe4.} 10. Rb1 b4 11. axb4 Qxb4 {The position is equal.} 12. Ne2 {[#]} Qxd2+ $146 ({Predecessor:} 12... Rb8) 13. Kxd2 a5 14. c3 Ba6 15. g4 cxd4 16. Nexd4 Nxd4 17. Bxd4 Nc5 18. Ke3 Nb3 19. Bd3 Bxd3 {Not much happened in this game.} 1/2-1/2